000 00264nam a22001217a 4500
008 181102b xxu||||| |||| 00| 0 eng d
041 _aeng
080 _a610
100 _a4
101 _aSHM
245 _aCritical Care Medicine
_cBoldfarb, I.W
942 _2udc
_cBK
999 _c51573
_d51573